000 00487nam a2200181Ia 4500
001 16779
005 20260306170336.0
008 260306t2009||||xx |||||||||||||| ||und||
041 _aESP
082 _a657
_bE92
100 _aEstela Gutiérrez, Diana Elizabeth
_eAUT
245 0 _aManual del contador:
_baplicaciones del plan contable general empresarial
260 _c2009
300 _a977-1757 páginas :
_c24 cm.
650 _aGEN
654 _aCCO
942 _cLIB
_dJUS
_fJUS
_2ddc
_n
999 _c16779
_d16779